000 00921nam0a22002771 4500
001 v19\rc\1300320
005 20260306093707.0
035 _a(NLR Aleph) 004445932
090 _a4446507
_c4446507
100 _a20060306d1866 |||y0rusy50 ca
101 0 _arus
102 _aRU
105 _ay b |||||
200 1 _aКаталог музыкального магазина "Орфей" Ф.А. Рот в Москве
210 _aМосква
_dценз. 1866
215 _a60 с.
532 1 3 _aКаталог музыкального магазина Орфей Ф.А. Рот в Москве
702 1 _aРот
_bФ. А.
_4570
710 0 2 _a"Орфей", музыкальный магазин
_cМосква
_3RU\NLR\AUTH\8810157624
801 0 _aRU
_bNLR
_gpsbo
801 0 _aRU
_bRuMoRGB
_2psbo
801 1 _aRU
_bProSoft-M
_2rusmarc
852 _aNLR
_bМ
_j999/О-706
942 _cBOOK
980 _aNB